000 00485nam a22001937a 4500
003 bpm
005 20260421103412.0
008 260421b |||||||| |||| 00| p spa d
024 _aS. C. C. / M. C. y E. M.:
040 _aAR-CtUCP
041 _aspa
080 _aCDU
100 _aSanchez Mariño Gustavo
245 _aLa generación post-modernista en Estados Unidos
260 _aCorrientes
_bSADE
_c1998
650 _aLiteratura - Poesía
942 _cLIB
999 _c76678
_d76678